书目信息 |
| 题名: |
录像机易损件的修复与代换
|
|
| 作者: | 李勇帆 编著 | |
| 分册: | ||
| 出版信息: | 北京 科学普及出版社 1994.06 |
|
| 页数: | 278页 | |
| 开本: | 16开 | |
| 丛书名: | ||
| 单 册: | ||
| 中图分类: | TN946 | |
| 科图分类: | ||
| 主题词: | 录象系统 | |
| 电子资源: | ||
| ISBN: | 7-110-03793-2 | |
| 000 | 00576nam0 2200193 45 | |
| 001 | 0006161996 | |
| 005 | 20000616190915.0 | |
| 010 | @a7-110-03793-2@d23.00元 | |
| 100 | @a20000616d1994 km y0chiy0120 ea | |
| 101 | 0 | @achi |
| 105 | @a z 000yy | |
| 200 | 1 | @a录像机易损件的修复与代换@ALu Xiang Ji Yi Sun Jian De Xiu Fu Yu Dai Huan@f李勇帆编著@FLi Yong Fan Bian Zhu |
| 210 | @a北京@c科学普及出版社@d1994.06 | |
| 215 | @a278页@d16开 | |
| 606 | 0 | @a录象系统 |
| 690 | @aTN946@v3 | |
| 701 | 0 | @a李勇帆@4编著 |
| 801 | @aCN@bPftUser@c20000616 | |
| 905 | @b155690-694@dTN946@eL257@f5 | |
| 录像机易损件的修复与代换/李勇帆编著.-北京:科学普及出版社,1994.06 |
| 278页;16开 |
| ISBN 7-110-03793-2:23.00元 |
| ● |
| 相关链接 |
|
|
|
正题名:录像机易损件的修复与代换
索取号:TN946/L257
 
预约/预借
| 序号 | 登录号 | 条形码 | 馆藏地/架位号 | 状态 | 备注 |
| 1 | 155690 | 201556903 | 自科二线404/404自科库 22排2列6层/ [索取号:TN946/L257] | 在馆 | |
| 2 | 155691 | 201556912 | 自科二线404/404自科库 22排2列6层/ [索取号:TN946/L257] | 在馆 | |
| 3 | 155692 | 201556921 | 自科二线404/404自科库 22排3列2层/ [索取号:TN946/L257] | 在馆 | |
| 4 | 155693 | 201556930 | 自科二线504/504自科库 8排2列4层/ [索取号:TN946/L257] | 在馆 | |
| 5 | 155694 | 201556949 | 自科二线504/504自科库 8排2列4层/ [索取号:TN946/L257] | 在馆 |